[Event "2nd KGSRL master tournament"]
[Site "Ghent"]
[Date "1999.09.08"]
[Round "5"]
[White "Tabak, Stefan"]
[Black "Van der Stricht, Geert"]
[Result "0-1"]
[WhiteElo "2111"]
[BlackElo "2347"]
[EventDate "1999.09.04"]
[PlyCount "154"]
[Source "ChessBase"]
[BlackTitle "FM"]

1. e4 c5 2. Nc3 Nc6 3. g3 g6 4. Bg2 Bg7 5. d3 e6 6. Be3 d6 7. f4 Nge7 8. Nf3
O-O 9. O-O Rb8 10. e5 b6 11. exd6 Nf5 12. Bf2 Bb7 13. Rb1 Ncd4 14. Ne4 Nxd6
15. Nxd4 cxd4 16. Re1 Qd7 17. Qd2 Rfc8 18. Re2 Bd5 19. Nxd6 Qxd6 20. Bxd5 Qxd5
21. a3 Rc6 22. Qb4 a6 23. Qb3 Qf3 24. Rbe1 h5 25. Rd2 Rbc8 26. Rf1 Kh7 27. h4
R8c7 28. Re1 Bf6 29. Ree2 Bg7 30. Kh2 Qg4 31. Re4 Rd7 32. Rde2 Qf5 33. Qa4 b5
34. Qb3 Qd5 35. Rd2 Qd6 36. Kg1 Rc8 37. Qb4 Qd5 38. Qb3 Qc6 39. Qb4 Bf8 40. Qb3
Bg7 41. Qb4 Rcd8 42. Rde2 Rd6 43. Rd2 Qd7 44. Re1 Rc8 45. a4 Bf8 46. Ra1 Rd5
47. Qb3 b4 48. Re2 Rdc5 49. Rc1 a5 50. Re4 Bg7 51. Re2 Qc6 52. Rd2 Kg8 53. Re2
Rc7 54. Rd2 e5 55. fxe5 Bh6 56. Rcd1 Bxd2 57. Rxd2 Rxe5 58. Qc4 Qxc4 59. dxc4
Rxc4 60. Bxd4 Rd5 61. c3 bxc3 62. bxc3 Rxa4 63. Rb2 Raxd4 64. cxd4 Rxd4 65. Rb5
Ra4 66. Kg2 Ra1 67. Kh2 Kg7 68. Kg2 Kf6 69. Kf3 Rf1+ 70. Ke4 Rf5 71. Rb6+ Ke7
72. Rc6 Kd7 73. Rc4 Rb5 74. Ke3 Kd6 75. Rc8 Ke5 76. Ra8 Kf5 77. Rc8 Kg4 0-1

[Event "2nd KGSRL master tournament"]
[Site "Ghent"]
[Date "1999.09.09"]
[Round "6"]
[White "Abolianin, Arthur"]
[Black "Tabak, Stefan"]
[Result "1-0"]
[WhiteElo "2252"]
[BlackElo "2111"]
[EventDate "1999.09.04"]
[PlyCount "69"]
[Source "ChessBase"]

1. Nf3 f5 2. d3 d6 3. e4 e5 4. c4 Nf6 5. Nc3 Be7 6. exf5 Bxf5 7. d4 Nc6 8. d5
Nb8 9. Bd3 e4 10. Nd4 Qd7 11. Bc2 O-O 12. O-O Bg4 13. Qe1 c5 14. Nde2 Na6
15. Ng3 Rae8 16. Ba4 Qd8 17. Bxe8 Qxe8 18. Ncxe4 Nb4 19. Nxf6+ Bxf6 20. Qxe8
Rxe8 21. Bd2 Nd3 22. Bc3 Bxc3 23. bxc3 Ne5 24. Rfe1 Rd8 25. Re4 Bc8 26. Rae1 Kf8
27. R1e3 b6 28. Rf4+ Kg8 29. Nf5 Bxf5 30. Rxf5 Nxc4 31. Re7 a5 32. Rff7 b5
33. Rxg7+ Kh8 34. Rxh7+ Kg8 35. h4 1-0

[Event "2nd KGSRL master tournament"]
[Site "Ghent"]
[Date "1999.09.09"]
[Round "6"]
[White "Afek, Yochanan"]
[Black "Goormachtigh, Johan"]
[Result "1-0"]
[WhiteElo "2360"]
[BlackElo "2274"]
[EventDate "1999.09.04"]
[PlyCount "71"]
[Source "ChessBase"]
[WhiteTitle "IM"]
[BlackTitle "FM"]

1. e4 c5 2. c3 d5 3. exd5 Qxd5 4. d4 Nf6 5. Nf3 Bg4 6. Be2 e6 7. h3 Bh5 8. O-O
Nc6 9. Be3 cxd4 10. cxd4 Be7 11. Nc3 Qd6 12. Qb3 O-O 13. Rfd1 Rfd8 14. a3 Nd5
15. Nxd5 Qxd5 16. Qxd5 Rxd5 17. Rac1 Rad8 18. b4 f5 19. Bc4 Bxf3 20. gxf3 R5d6
21. Re1 g5 22. f4 Kf7 23. fxg5 Bxg5 24. Bxg5 Rg8 25. h4 h6 26. d5 exd5 27. Rcd1
hxg5 28. Bxd5+ Rxd5 29. Rxd5 gxh4+ 30. Kh2 Rg4 31. Rxf5+ Kg6 32. Rf8 Kg7 33. f3
Rc4 34. Rf5 Rc3 35. Rg1+ Kh6 36. Rf4 1-0

[Event "2nd KGSRL master tournament"]
[Site "Ghent"]
[Date "1999.09.09"]
[Round "6"]
[White "Hoogendoorn, Joost"]
[Black "Bezsilko, Philippe"]
[Result "1-0"]
[WhiteElo "2281"]
[BlackElo "2280"]
[EventDate "1999.09.04"]
[PlyCount "49"]
[Source "ChessBase"]
[WhiteTitle "FM"]

1. e4 c5 2. Nf3 Nc6 3. d4 cxd4 4. Nxd4 Nf6 5. Nc3 Qb6 6. Nb3 e6 7. Be3 Qc7
8. a3 a6 9. f4 d6 10. Bd3 Be7 11. O-O b5 12. Qf3 Bb7 13. Rae1 Nd7 14. g4 Nc5
15. g5 b4 16. axb4 Nxd3 17. cxd3 Nxb4 18. Rc1 Qd7 19. Bd4 O-O 20. Rcd1 a5
21. Nd2 d5 22. Nb3 Rfc8 23. Qh5 a4 24. Rf3 g6 25. Qxh7+ 1-0

[Event "2nd KGSRL master tournament"]
[Site "Ghent"]
[Date "1999.09.09"]
[Round "6"]
[White "Eliet, Nicolas"]
[Black "De Wit, Michel"]
[Result "1-0"]
[WhiteElo "2398"]
[BlackElo "2330"]
[EventDate "1999.09.04"]
[PlyCount "167"]
[Source "ChessBase"]
[WhiteTitle "IM"]
[BlackTitle "FM"]

1. d4 Nf6 2. c4 d6 3. Nf3 Nbd7 4. Nc3 e5 5. e4 Be7 6. Be2 c6 7. O-O O-O 8. Re1
Re8 9. Bf1 Qc7 10. Bg5 Nf8 11. d5 Bg4 12. Be3 g6 13. h3 Bd7 14. Rc1 Kg7 15. b4
b6 16. dxc6 Bxc6 17. Nd5 Qd7 18. Qd3 Nxd5 19. cxd5 Bb7 20. Qb5 Rec8 21. Qxd7
Nxd7 22. Bb5 Nf6 23. Nd2 a6 24. Bd3 Nd7 25. Nc4 Rab8 26. Nxb6 Nxb6 27. Bxb6 Bg5
28. Rxc8 Rxc8 29. Re2 Rc1+ 30. Kh2 Rc3 31. Bb1 Rc1 32. Bc2 f5 33. f3 h5 34. g3
fxe4 35. fxe4 h4 36. gxh4 Bf4+ 37. Kg2 Bc8 38. Bf2 Bd7 39. Bg3 Kf6 40. Rf2 g5
41. hxg5+ Kxg5 42. Bd3 Rc3 43. Rf3 Ra3 44. Bc4 Bxh3+ 45. Kf2 Rxf3+ 46. Kxf3 Bg4+
47. Kg2 Bd2 48. a3 Bc8 49. Kf3 Kf6 50. Bh4+ Kf7 51. Ke2 Bc3 52. Kd3 Bd4 53. Kc2
Ke8 54. b5 Kd7 55. bxa6 Kc7 56. Be1 Bb6 57. Bb4 Bd7 58. Kb3 Ba7 59. a4 Bg4
60. Ba5+ Kb8 61. Bd3 Bd1+ 62. Kb4 Bg4 63. Kc3 Bf3 64. Bd8 Kc8 65. Bh4 Kc7
66. Kc4 Bd1 67. Kb5 Bg4 68. Be1 Bd7+ 69. Kb4 Bc5+ 70. Kb3 Bg4 71. Ba5+ Kc8
72. Bb4 Bd1+ 73. Kc4 Bd4 74. Bxd6 Bxa4 75. Be2 Bc2 76. Bg4+ Kd8 77. Bxe5 Ba7
78. Bf5 Ba4 79. d6 Bc6 80. Bf6+ Ke8 81. d7+ Bxd7 82. Bxd7+ Kxd7 83. Bd4 Bb8
84. a7 1-0

[Event "2nd KGSRL master tournament"]
[Site "Ghent"]
[Date "1999.09.09"]
[Round "6"]
[White "Van der Stricht, Geert"]
[Black "De Wit, Dick"]
[Result "1-0"]
[WhiteElo "2347"]
[BlackElo "2242"]
[EventDate "1999.09.04"]
[PlyCount "137"]
[Source "ChessBase"]
[WhiteTitle "FM"]
[BlackTitle "FM"]

1. d4 Nf6 2. c4 g6 3. Nc3 Bg7 4. e4 d6 5. Nf3 O-O 6. Be2 Bg4 7. Be3 Nfd7 8. Rc1
e5 9. d5 Bxf3 10. Bxf3 a5 11. h4 f5 12. h5 f4 13. Bd2 gxh5 14. Bxh5 Nf6 15. Bg4
Nxg4 16. Qxg4 Nd7 17. Ke2 Rf6 18. Rh5 Nf8 19. Rg5 Qe7 20. Rh1 h6 21. Rf5 Kh7
22. Qg5 Re8 23. Rxf6 Qxf6 24. Qxf6 Bxf6 25. Nb5 b6 26. Nxc7 Rc8 27. Nb5 Rxc4
28. Nxd6 Rc2 29. Rb1 Nd7 30. Kd3 Rc7 31. b4 Be7 32. Nb5 Rc8 33. a3 axb4 34. axb4
Rg8 35. Ra1 Rg7 36. Ra7 Bd8 37. Ke2 h5 38. Nd6 Kg6 39. Nc4 Bf6 40. Rb7 h4
41. Nxb6 Nxb6 42. Rxb6 Ra7 43. Rc6 Ra2 44. f3 Kf7 45. Kd3 Be7 46. Rc2 Ra1
47. Bc3 Rf1 48. Bxe5 h3 49. Bxf4 Bxb4 50. gxh3 Rxf3+ 51. Be3 Rxh3 52. Rc7+ Ke8
53. e5 Ba5 54. Rc6 Kd7 55. Ra6 Bb4 56. Rc6 Ba5 57. Ra6 Bb4 58. Ke4 Rh4+ 59. Bf4
Bd2 60. Rf6 Bxf4 61. Rf7+ Ke8 62. Rxf4 Rh7 63. e6 Rh5 64. Rf5 Rh1 65. Ke5 Re1+
66. Kd6 Ra1 67. Rh5 Ra6+ 68. Ke5 Ra5 69. Kf6 1-0

[Event "2nd KGSRL master tournament"]
[Site "Ghent"]
[Date "1999.09.09"]
[Round "6"]
[White "Schebler, Gerhard"]
[Black "Meulders, Richard"]
[Result "1-0"]
[WhiteElo "2443"]
[BlackElo "2275"]
[EventDate "1999.09.04"]
[PlyCount "87"]
[Source "ChessBase"]
[WhiteTitle "IM"]
[BlackTitle "FM"]
[Annotator "Meulders"]

1. d4 c5 2. d5 e5 3. Nc3 d6 4. Nf3 Be7 5. g3 Nf6 6. Bg2 O-O 7. e4 Ne8 8. Nd2 g6
9. O-O a6 10. a4 Nd7 11. Nc4 Nb6 12. Na3 f5 13. a5 Nd7 14. exf5 gxf5 15. Nc4 $1
Ndf6 16. Na4 Ng7 17. Nab6 Rb8 18. Bh3 Bd7 19. Nxd7 Nxd7 20. Bh6 Qe8 $1 21. Ra3
Qg6 22. Qd2 Nf6 23. Bxg7 Kxg7 24. f4 $1 Ne4 25. Qe1 $6 exf4 26. Rxf4 Bg5
27. Bxf5 Rxf5 28. Rxe4 Rbf8 29. Re2 $6 Qf7 30. Ra1 Qxd5 31. Nd2 $2 Qd4+ 32. Kg2
Qxb2 $2 33. Ne4 Rf1 34. Qxf1 Rxf1 35. Rxf1 Qe5 36. g4 Bd8 37. Rf5 Qd4 38. Ng3
Qxg4 39. Re8 Bf6 40. Re4 Qd1 41. Kh3 $1 h6 42. Nh5+ Kg6 43. Rxf6+ Kxh5 44. Ref4
1-0

[Event "2nd KGSRL master tournament"]
[Site "Ghent"]
[Date "1999.09.10"]
[Round "7"]
[White "Hoogendoorn, Joost"]
[Black "Afek, Yochanan"]
[Result "1-0"]
[EventDate "1999.09.04"]
[PlyCount "67"]
[Source "ChessBase"]
[WhiteElo "2281"]
[BlackElo "2360"]
[WhiteTitle "FM"]
[BlackTitle "IM"]

1. e4 c5 2. Nf3 Nc6 3. c3 e6 4. d4 d5 5. e5 Qb6 6. a3 Nh6 7. b4 cxd4 8. cxd4
Nf5 9. Be3 f6 10. exf6 gxf6 11. Nc3 Bd7 12. Bd3 Nxe3 13. fxe3 Nxb4 14. axb4 Bxb4
15. Rc1 Rc8 16. Kd2 Qa5 17. Qb3 Rg8 18. g3 Rg7 19. Ng1 e5 20. Ne2 e4 21. Ra1 Qb6
22. Bc2 Bg4 23. Rhb1 a5 24. Rxa5 Qxa5 25. Qxb4 Qd8 26. Ba4+ Bd7 27. Nxd5 Bxa4
28. Qxa4+ Kf8 29. Nef4 Kg8 30. Rb6 Kh8 31. Qb3 Rd7 32. Ne6 Qe8 33. Nxf6 Qf7
34. Nc5 1-0

[Event "2nd KGSRL master tournament"]
[Site "Ghent"]
[Date "1999.09.10"]
[Round "7"]
[White "Tabak, Stefan"]
[Black "De Wit, Michel"]
[Result "1/2-1/2"]
[EventDate "1999.09.04"]
[PlyCount "29"]
[Source "ChessBase"]
[WhiteElo "2111"]
[BlackElo "2330"]
[BlackTitle "FM"]

1. e4 c6 2. d4 d5 3. exd5 cxd5 4. Bd3 Nf6 5. h3 Nc6 6. c3 e5 7. dxe5 Nxe5
8. Bb5+ Nc6 9. Nf3 Be7 10. O-O O-O 11. Be3 Bf5 12. Nbd2 a6 13. Be2 Re8 14. Nb3
Ne4 15. Nbd4 1/2-1/2

[Event "2nd KGSRL master tournament"]
[Site "Ghent"]
[Date "1999.09.10"]
[Round "7"]
[White "Bezsilko, Philippe"]
[Black "Meulders, Richard"]
[Result "1/2-1/2"]
[EventDate "1999.09.04"]
[PlyCount "63"]
[Source "ChessBase"]
[WhiteElo "2280"]
[BlackElo "2275"]
[BlackTitle "FM"]

1. e4 c5 2. b3 Nc6 3. Bb2 e5 4. d3 Nf6 5. g3 d6 6. Bg2 g6 7. Ne2 Bg7 8. Nd2 O-O
9. Nc4 Bg4 10. Ne3 Bxe2 11. Qxe2 Nd4 12. Qd2 Bh6 13. O-O Ng4 14. c3 Nxe3
15. fxe3 Ne6 16. Rae1 a5 17. Bh3 Qe7 18. a4 Ng7 19. Rf3 f5 20. exf5 gxf5
21. Ref1 d5 22. Bc1 e4 23. R3f2 d4 24. cxd4 cxd4 25. Qe1 Rac8 26. Bd2 Rc2
27. dxe4 Qxe4 28. Bg2 Qd3 29. Kh1 Re8 30. Bxa5 Rxf2 31. Qxf2 dxe3 32. Qf3
1/2-1/2

[Event "2nd KGSRL master tournament"]
[Site "Ghent"]
[Date "1999.09.10"]
[Round "7"]
[White "Van der Stricht, Geert"]
[Black "Eliet, Nicolas"]
[Result "1-0"]
[EventDate "1999.09.04"]
[PlyCount "75"]
[Source "ChessBase"]
[WhiteElo "2347"]
[BlackElo "2398"]
[WhiteTitle "FM"]
[BlackTitle "IM"]

1. d4 d5 2. c4 c6 3. Nc3 dxc4 4. e3 b5 5. a4 b4 6. Na2 e6 7. Bxc4 Nf6 8. Nf3
Be7 9. O-O Nbd7 10. Bd2 a5 11. Nc1 Bb7 12. Nb3 O-O 13. Qe2 c5 14. Rfc1 Qb6
15. Be1 Rac8 16. Bb5 cxd4 17. Nfxd4 Nc5 18. f3 Nxb3 19. Nxb3 e5 20. Nd2 e4
21. Nc4 Qa7 22. Bg3 exf3 23. gxf3 Nd5 24. Bf2 Bc5 25. Re1 Rc7 26. Qd2 f5 27. Ne5
Nf6 28. Rac1 Kh8 29. Rc4 Re7 30. Nc6 Bxc6 31. Bxc6 Re6 32. Bb5 Qe7 33. Qc1 Bd6
34. Rc8 Ne8 35. Qc4 Be5 36. Rd1 Nc7 37. Bh4 Bf6 38. Rxc7 1-0

[Event "2nd KGSRL master tournament"]
[Site "Ghent"]
[Date "1999.09.10"]
[Round "7"]
[White "Abolianin, Arthur"]
[Black "Schebler, Gerhard"]
[Result "0-1"]
[EventDate "1999.09.04"]
[PlyCount "76"]
[Source "ChessBase"]
[WhiteElo "2252"]
[BlackElo "2443"]
[BlackTitle "IM"]

1. c4 g6 2. g3 Bg7 3. Bg2 c5 4. Nc3 Nc6 5. Nf3 Nh6 6. e4 d6 7. h3 a6 8. O-O Rb8
9. a4 f5 10. Ng5 O-O 11. d3 Nd4 12. Re1 e6 13. f4 Nf7 14. exf5 gxf5 15. Nf3 Kh8
16. Kh2 Rg8 17. Bd2 Bd7 18. Rb1 Nxf3+ 19. Bxf3 Qf6 20. b4 b6 21. Qe2 Qh6 22. b5
a5 23. Bc6 Bc8 24. Qf3 Ne5 25. Qe2 Ng4+ 26. Kg2 Nf6 27. Qf3 Qg6 28. Ne2 Qf7
29. Kh2 Rb7 30. Bc3 Re7 31. d4 Ne4 32. Bxe4 fxe4 33. Qe3 e5 34. fxe5 dxe5
35. dxe5 Qxc4 36. Qg5 Rf7 37. Nf4 Qxc3 38. e6 Rxf4 0-1

[Event "2nd KGSRL master tournament"]
[Site "Ghent"]
[Date "1999.09.10"]
[Round "7"]
[White "De Wit, Dick"]
[Black "Goormachtigh, Johan"]
[Result "1/2-1/2"]
[EventDate "1999.09.04"]
[PlyCount "35"]
[Source "ChessBase"]
[WhiteElo "2242"]
[BlackElo "2274"]
[WhiteTitle "FM"]
[BlackTitle "FM"]

1. e4 c5 2. Nf3 d6 3. d4 cxd4 4. Nxd4 Nf6 5. Nc3 Nc6 6. Be2 e5 7. Nb3 Be7
8. O-O O-O 9. f4 a5 10. a4 Nb4 11. Kh1 Be6 12. f5 Bd7 13. Bf3 d5 14. g4 Bc6
15. exd5 Nfxd5 16. Nxd5 Bxd5 17. g5 e4 18. Bg2 1/2-1/2

[Event "2nd KGSRL master tournament"]
[Site "Ghent"]
[Date "1999.09.11"]
[Round "8"]
[White "Eliet, Nicolas"]
[Black "Abolianin, Arthur"]
[Result "0-1"]
[EventDate "1999.09.04"]
[PlyCount "80"]
[Source "ChessBase"]
[WhiteElo "2398"]
[BlackElo "2252"]
[WhiteTitle "IM"]

1. d4 d6 2. e4 Nd7 3. Nc3 g6 4. Bg5 Bg7 5. Qd2 c5 6. Nge2 a6 7. d5 h6 8. Bf4 b5
9. Ng3 Rb8 10. Be2 Ngf6 11. O-O Qc7 12. a3 Kf8 13. h3 Kg8 14. Be3 h5 15. f3 Kh7
16. Nh1 Re8 17. Nf2 e6 18. dxe6 Rxe6 19. Nd3 Bb7 20. Nf4 Ree8 21. Rad1 Bf8
22. g4 d5 23. exd5 Rxe3 24. Qxe3 Bd6 25. Ng2 Re8 26. Ne4 hxg4 27. hxg4 Bh2+
28. Kh1 Kg7 29. d6 Bxd6 30. Nxd6 Rxe3 31. Nxe3 Qb8 32. Kg2 Bc6 33. Kf2 c4
34. Rd4 Nc5 35. Rfd1 Ne6 36. R4d2 Qb6 37. c3 Nf4 38. Rd4 N4d5 39. Nxd5 Bxd5
40. Nc8 Qc5 0-1

[Event "2nd KGSRL master tournament"]
[Site "Ghent"]
[Date "1999.09.11"]
[Round "8"]
[White "Schebler, Gerhard"]
[Black "Hoogendoorn, Joost"]
[Result "1-0"]
[EventDate "1999.09.04"]
[PlyCount "117"]
[Source "ChessBase"]
[WhiteElo "2443"]
[BlackElo "2281"]
[WhiteTitle "IM"]
[BlackTitle "FM"]

1. Nf3 Nf6 2. g3 b6 3. Bg2 Bb7 4. O-O g6 5. b3 Bg7 6. Bb2 c5 7. c4 d6 8. d4
cxd4 9. Qxd4 O-O 10. Nc3 Ne4 11. Qe3 Nxc3 12. Bxc3 Bxc3 13. Qxc3 Nd7 14. h4 Nf6
15. Rfd1 Rc8 16. Qe3 Rc5 17. Rac1 Re8 18. b4 Rc7 19. c5 bxc5 20. bxc5 Bxf3
21. Bxf3 d5 22. Qe5 e6 23. e4 Nd7 24. Qd4 Qf6 25. Qxf6 Nxf6 26. exd5 exd5
27. Bxd5 Re5 28. Bb3 Rexc5 29. Rxc5 Rxc5 30. Rd4 h6 31. Kg2 Kg7 32. Kf3 Re5
33. Rc4 Re7 34. Ra4 Nd7 35. Re4 Ne5+ 36. Ke2 f5 37. Re3 Kf6 38. f4 Nc6 39. Rxe7
Nxe7 40. Kd3 Nc8 41. Bd5 Ne7 42. Kd4 Nc8 43. a4 Ke7 44. h5 Kf6 45. hxg6 Kxg6
46. Ke5 a5 47. Bc6 Kh5 48. Bf3+ Kg6 49. Bd1 Nb6 50. Kd4 h5 51. Kc5 Nd7+ 52. Kb5
Nf6 53. Kxa5 h4 54. gxh4 Nd5 55. Bf3 Nxf4 56. Kb6 Nd3 57. a5 Ne5 58. Be2 Nd7+
59. Kc6 1-0

[Event "2nd KGSRL master tournament"]
[Site "Ghent"]
[Date "1999.09.11"]
[Round "8"]
[White "Goormachtigh, Johan"]
[Black "Bezsilko, Philippe"]
[Result "1-0"]
[EventDate "1999.09.04"]
[PlyCount "41"]
[Source "ChessBase"]
[WhiteElo "2274"]
[BlackElo "2280"]
[WhiteTitle "FM"]

1. d4 d5 2. c4 e6 3. Nc3 c6 4. Nf3 h6 5. e3 Nf6 6. Bd3 Be7 7. O-O Nbd7 8. b3 b6
9. Bb2 Bb7 10. e4 dxe4 11. Nxe4 c5 12. Qe2 O-O 13. Rad1 Qc7 14. dxc5 Bxe4
15. Bxe4 Nxe4 16. Qxe4 Nxc5 17. Qg4 g6 18. Qd4 f6 19. Qe3 Kf7 20. Qxh6 Rh8
21. Ng5+ 1-0

[Event "2nd KGSRL master tournament"]
[Site "Ghent"]
[Date "1999.09.11"]
[Round "8"]
[White "Meulders, Richard"]
[Black "Tabak, Stefan"]
[Result "0-1"]
[EventDate "1999.09.04"]
[PlyCount "106"]
[Source "ChessBase"]
[WhiteElo "2275"]
[BlackElo "2111"]
[WhiteTitle "FM"]

1. d4 d6 2. c4 f5 3. Nc3 Nf6 4. Bg5 Nbd7 5. g3 e6 6. Bg2 Be7 7. Nh3 O-O 8. Nf4
Nb6 9. Qb3 c6 10. O-O d5 11. cxd5 exd5 12. Rad1 h6 13. Bxf6 Rxf6 14. e4 fxe4
15. Nxe4 Rf7 16. Nc5 Bd6 17. Ncd3 Qf6 18. Rfe1 g5
19. Ne2 Bf5 20. Rf1 Re8 21. Qc2 Rfe7 22. Nec1 Qxd4 23. Qb3 Qc4 24. h3 Qxb3
25. axb3 Nd7 26. g4 Be4 27. Bxe4 Rxe4 28. Na2 Rf8 29. Nc3 Ree8 30. Kg2 Ne5
31. Nxe5 Rxe5 32. Rde1 Rxe1 33. Rxe1 Kf7 34. Rd1 Re8 35. Kf3 Kg6 36. Rd2 Re1
37. Ne2 Rh1 38. Ng3 Bxg3 39. Kxg3 Re1 40. Rc2 Kf6 41. b4 a6 42. Rc3 Re4 43. Rf3+
Kg7 44. Rb3 Kg6 45. b5 axb5 46. f3 Re7 47. h4 d4 48. f4 gxh4+ 49. Kxh4 Rd7
50. f5+ Kf6 51. Rd3 c5 52. Rd1 d3 53. Kh5 Rd8 0-1

[Event "2nd KGSRL master tournament"]
[Site "Ghent"]
[Date "1999.09.12"]
[Round "9"]
[White "Abolianin, Arthur"]
[Black "Afek, Yochanan"]
[Result "0-1"]
[EventDate "1999.09.04"]
[PlyCount "88"]
[Source "ChessBase"]
[WhiteElo "2252"]
[BlackElo "2360"]
[BlackTitle "IM"]

1. c4 c5 2. Nc3 Nf6 3. g3 g6 4. Bg2 Bg7 5. a3 O-O 6. Rb1 a5 7. Nf3 Nc6 8. O-O
d5 9. cxd5 Nxd5 10. Nxd5 Qxd5 11. d3 Qh5 12. Be3 Bg4 13. Qb3 Rab8 14. Qb5 Rfc8
15. Qxc5 Nd4 16. Qxh5 Nxe2+ 17. Kh1 gxh5 18. Rfd1 b5 19. h3 Be6 20. Bf1 Rc2
21. Ne1 Rxb2 22. Rxb2 Bxb2 23. Bxe2 Bxa3 24. Ra1 Bb2 25. Rb1 Bc3 26. Bf4 Rc8
27. Nf3 b4 28. Bd1 Bd5 29. Kg1 (29. Kg2 e5 30. Bg5 e4 31. dxe4 Bxe4 32. Rc1 $16)
29... a4 30. Nd2 a3 31. Bb3 Bxb3 32. Nxb3 a2 33. Rd1 e5 34. Be3 Ra8 35. Bc5 Ra3
36. Na1 Ra5 37. Be3 b3 38. Nxb3 Rb5 39. Bd2 Rxb3 40. Bxc3 Rxc3 41. Ra1 Ra3
42. f4 f6 43. g4 hxg4 44. hxg4 exf4 0-1